Carl Snadburg / (Record no. 5465)

MARC details
000 -LEADER
fixed length control field 01012nam a22003017a 4500
001 - CONTROL NUMBER
control field 5465
003 - CONTROL NUMBER IDENTIFIER
control field FISKH
005 - DATE AND TIME OF LATEST TRANSACTION
control field 20241209165654.0
008 - FIXED-LENGTH DATA ELEMENTS--GENERAL INFORMATION
fixed length control field 241209b cb ||||| |||| 00| 0 eng d
020 ## - INTERNATIONAL STANDARD BOOK NUMBER
International Standard Book Number 0439375347
040 ## - CATALOGING SOURCE
Original cataloging agency FISKH
Language of cataloging eng
Transcribing agency FISKH
Modifying agency FISKH
050 ## - LIBRARY OF CONGRESS CALL NUMBER
Classification number PS3537.A618
082 ## - DEWEY DECIMAL CLASSIFICATION NUMBER
Classification number 811.52
100 ## - MAIN ENTRY--PERSONAL NAME
Personal name Sandburg, Carl
245 ## - TITLE STATEMENT
Title Carl Snadburg /
Statement of responsibility, etc. by Carl Sandburg : Edited by Frances Schoonmaker Bolin : illustrated by Steven Arcella
250 ## - EDITION STATEMENT
Edition statement First Scholastic printing, February 2002
260 ## - PUBLICATION, DISTRIBUTION, ETC.
Place of publication, distribution, etc. New York :
Name of publisher, distributor, etc. Schoalstic ;
Date of publication, distribution, etc. 1995.
300 ## - PHYSICAL DESCRIPTION
Extent 46 pages :
Other physical details color illustrations ;
Dimensions 26 cm .
490 ## - SERIES STATEMENT
Series statement Poetry for young people
505 ## - FORMATTED CONTENTS NOTE
Formatted contents note Z <br/>
520 ## - SUMMARY, ETC.
Summary, etc. Presents a collection of poems by the beloved American author who, as a young man, travelled across the Midwest as a hobo.
521 8# - TARGET AUDIENCE NOTE
Target audience note 890 <br/><br/>
Source Lexile <br/>
521 8# - TARGET AUDIENCE NOTE
Target audience note Z <br/>
Source Raz-Plus <br/>
650 ## - SUBJECT ADDED ENTRY--TOPICAL TERM
Topical term or geographic name entry element Sandburg
Form subdivision Fiction
700 ## - ADDED ENTRY--PERSONAL NAME
Personal name Arcella , Steven
Relator term illustrator
942 ## - ADDED ENTRY ELEMENTS (KOHA)
Source of classification or shelving scheme Dewey Decimal Classification
Koha item type Books
Suppress in OPAC No
Holdings
Withdrawn status Lost status Source of classification or shelving scheme Damaged status Not for loan Collection Home library Current library Shelving location Date acquired Total Checkouts Full call number Barcode Date last seen Copy number Price effective from Koha item type
    Dewey Decimal Classification     Fiction Footprints International School Library Network Toul Kork Campus Footprints International School Library Network Toul Kork Campus TTP Secondary Fiction Bookshelves 12/09/2024   SAN 811.52 PS3537.A618 FISSE01428 12/09/2024 1 12/09/2024 Books
    Dewey Decimal Classification     Fiction Footprints International School Library Network Toul Kork Campus Footprints International School Library Network Toul Kork Campus TTP Secondary Fiction Bookshelves 12/09/2024   SAN 811.52 PS3537.A618 FIS04756 12/16/2024 2 12/09/2024 Books